CTET Solved Papers (Mathematics & Science) Classes 6to 8) (Record no. 12692)

MARC details
000 -LEADER
fixed length control field 00275nam a22000977a 4500
008 - FIXED-LENGTH DATA ELEMENTS--GENERAL INFORMATION
fixed length control field 240921b |||||||| |||| 00| 0 eng d
020 ## - INTERNATIONAL STANDARD BOOK NUMBER
International Standard Book Number 9789359588933
100 ## - MAIN ENTRY--PERSONAL NAME
Personal name Oswaal Books
245 ## - TITLE STATEMENT
Title CTET Solved Papers (Mathematics & Science) Classes 6to 8)
260 ## - PUBLICATION, DISTRIBUTION, ETC. (IMPRINT)
Place of publication, distribution, etc. New Delhi
Name of publisher, distributor, etc. Oswaal

No items available.

Powered by Koha